Platform governance (Record no. 520709)

000 -LEADER
fixed length control field 01098nam a22001457a 4500
008 - FIXED-LENGTH DATA ELEMENTS--GENERAL INFORMATION
fixed length control field 221007b ||||| |||| 00| 0 eng d
100 ## - MAIN ENTRY--PERSONAL NAME
Personal name Teh, Tat-How
245 ## - TITLE STATEMENT
Title Platform governance
260 ## - PUBLICATION, DISTRIBUTION, ETC. (IMPRINT)
Place of publication, distribution, etc American Economic Journal: Microeconomics
300 ## - PHYSICAL DESCRIPTION
Extent 14(3), Aug, 2022: p.213-254
520 ## - SUMMARY, ETC.
Summary, etc Platforms that intermediate trades—such as Amazon, Airbnb, and eBay—play a regulatory role in deciding how to govern the marketplaces they create. We propose a framework to analyze a platform's nonprice governance design and its incentive to act in a welfare-enhancing manner. We show that the platform's governance design can be distorted toward inducing insufficient or excessive seller competition, depending on the nature of the fee instrument employed by the platform. These results are illustrated with micro-founded applications to a platform's control over seller entry, information provision and recommendations, quality standards, and search-design choices. – Reproduced
773 ## - HOST ITEM ENTRY
Main entry heading American Economic Journal: Microeconomics
906 ## - LOCAL DATA ELEMENT F, LDF (RLIN)
Subject DIP ONLINE TRADE
942 ## - ADDED ENTRY ELEMENTS (KOHA)
Item type Articles
Holdings
Withdrawn status Lost status Source of classification or shelving scheme Damaged status Not for loan Permanent location Current location Date acquired Serial Enumeration / chronology Barcode Date last seen Koha item type
          Indian Institute of Public Administration Indian Institute of Public Administration 2022-10-07 14(3), Aug, 2022: p.213-254 AR127291 2022-10-07 Articles

Powered by Koha